Album covers - Statistics

General Stats
  • This quiz has been taken 91 times
  • The average score is 9 of 18
Answer Stats
Picture Answer % Correct
Abbey Road
83%
Nevermind
74%
Purple Rain
70%
Rumours
64%
1989
63%
Blonde
63%
Born In The USA
59%
The Dark Side Of The Moon
58%
AM
54%
Master Of Puppets
54%
GNX
45%
Goodbye Yellow Brick Road
44%
SOS
43%
Currents
40%
A Night At The Opera
30%
When We All Fall Asleep Where Do We Go?
28%
Aladdin Sane
24%
Enema Of The State
18%
No matching quizzes found
Score Distribution
Percent of People with Each Score
Percentile by Number Answered
Your Score History
You have not taken this quiz